<?xml version="1.0" encoding="UTF-8"?>
<record
    xmlns:xsi="http://www.w3.org/2001/XMLSchema-instance"
    xsi:schemaLocation="http://www.loc.gov/MARC21/slim http://www.loc.gov/standards/marcxml/schema/MARC21slim.xsd"
    xmlns="http://www.loc.gov/MARC21/slim">

  <leader>010370am a2200253 004500</leader>
  <controlfield tag="003">EG-GiCUC</controlfield>
  <controlfield tag="008">070625s1922    ua     g      000 0 ara d</controlfield>
  <datafield tag="040" ind1=" " ind2=" ">
    <subfield code="a">EG-GiCUC</subfield>
    <subfield code="b">ara</subfield>
    <subfield code="c">EG-GiCUC</subfield>
  </datafield>
  <datafield tag="043" ind1=" " ind2=" ">
    <subfield code="a">e-it---</subfield>
  </datafield>
  <datafield tag="050" ind1=" " ind2="4">
    <subfield code="a">DG550.5.</subfield>
    <subfield code="b">S2 1922</subfield>
  </datafield>
  <datafield tag="092" ind1="0" ind2="4">
    <subfield code="a">945.08</subfield>
    <subfield code="b">S118</subfield>
    <subfield code="2">21</subfield>
  </datafield>
  <datafield tag="099" ind1=" " ind2=" ">
    <subfield code="a">04</subfield>
    <subfield code="a">945.08 S118</subfield>
  </datafield>
  <datafield tag="100" ind1="1" ind2=" ">
    <subfield code="a">&#x635;&#x628;&#x631;&#x649; : &#x645;&#x62D;&#x645;&#x62F; : </subfield>
    <subfield code="d">1894-1978</subfield>
  </datafield>
  <datafield tag="245" ind1="1" ind2="0">
    <subfield code="a">&#x62A;&#x627;&#x631;&#x64A;&#x62E; &#x627;&#x644;&#x62D;&#x631;&#x643;&#x629; &#x627;&#x644;&#x627;&#x633;&#x62A;&#x642;&#x644;&#x627;&#x644;&#x64A;&#x629; &#x641;&#x649; &#x627;&#x64A;&#x637;&#x627;&#x644;&#x64A;&#x627; / </subfield>
    <subfield code="c">&#x645;&#x62D;&#x645;&#x62F; &#x635;&#x628;&#x631;&#x649; &#x61B; &#x645;&#x642;&#x62F;&#x645;&#x629; &#x628;&#x642;&#x644;&#x645; &#x62E;&#x644;&#x64A;&#x644; &#x645;&#x637;&#x631;&#x627;&#x646;</subfield>
  </datafield>
  <datafield tag="246" ind1="3" ind2="0">
    <subfield code="a">&#x627;&#x644;&#x62D;&#x631;&#x643;&#x629; &#x627;&#x644;&#x627;&#x633;&#x62A;&#x642;&#x644;&#x627;&#x644;&#x64A;&#x629; &#x641;&#x649; &#x627;&#x64A;&#x637;&#x627;&#x644;&#x64A;&#x627;</subfield>
  </datafield>
  <datafield tag="260" ind1=" " ind2=" ">
    <subfield code="a">&#x627;&#x644;&#x642;&#x627;&#x647;&#x631;&#x629; : </subfield>
    <subfield code="b">&#x627;&#x644;&#x645;&#x643;&#x62A;&#x628;&#x629; &#x627;&#x644;&#x62A;&#x62C;&#x627;&#x631;&#x64A;&#x629; : </subfield>
    <subfield code="c">1922</subfield>
  </datafield>
  <datafield tag="300" ind1=" " ind2=" ">
    <subfield code="a">87&#x635; &#x61B; </subfield>
    <subfield code="c">24&#x633;&#x645;</subfield>
  </datafield>
  <datafield tag="500" ind1=" " ind2=" ">
    <subfield code="a">&#x645;&#x62D;&#x627;&#x636;&#x631;&#x629; &#x62A;&#x627;&#x631;&#x64A;&#x62E;&#x64A;&#x629; &#x627;&#x644;&#x642;&#x627;&#x647;&#x627; &#x627;&#x644;&#x645;&#x624;&#x644;&#x641; &#x641;&#x649; &#x627;&#x644;&#x62C;&#x627;&#x645;&#x639;&#x629; &#x627;&#x644;&#x645;&#x635;&#x631;&#x64A;&#x629;</subfield>
  </datafield>
  <datafield tag="651" ind1=" " ind2="7">
    <subfield code="a">&#x627;&#x64A;&#x637;&#x627;&#x644;&#x64A;&#x627;</subfield>
    <subfield code="x">&#x62A;&#x627;&#x631;&#x64A;&#x62E;</subfield>
    <subfield code="y">&#x646;&#x645;&#x648; &#x627;&#x644;&#x642;&#x648;&#x645;&#x64A;&#x629; (1796-1870&#x645;) </subfield>
    <subfield code="v">&#x62E;&#x637;&#x628; &#x648; &#x645;&#x642;&#x627;&#x644;&#x627;&#x62A; &#x648; &#x645;&#x62D;&#x627;&#x636;&#x631;&#x627;&#x62A;</subfield>
    <subfield code="2">qrmak</subfield>
  </datafield>
  <datafield tag="700" ind1="1" ind2=" ">
    <subfield code="a">&#x645;&#x637;&#x631;&#x627;&#x646; : &#x62E;&#x644;&#x64A;&#x644; : </subfield>
    <subfield code="d">1872-1949</subfield>
  </datafield>
  <datafield tag="902" ind1=" " ind2=" ">
    <subfield code="a">1</subfield>
  </datafield>
  <datafield tag="905" ind1=" " ind2=" ">
    <subfield code="a">&#x62C;&#x64A;&#x647;&#x627;&#x646;</subfield>
    <subfield code="e">&#x645;&#x62F;&#x62E;&#x644;</subfield>
  </datafield>
  <datafield tag="942" ind1=" " ind2=" ">
    <subfield code="2">ddc</subfield>
    <subfield code="c">BK</subfield>
  </datafield>
  <datafield tag="999" ind1=" " ind2=" ">
    <subfield code="c">97594</subfield>
    <subfield code="d">97594</subfield>
  </datafield>
  <datafield tag="952" ind1=" " ind2=" ">
    <subfield code="2">ddc</subfield>
    <subfield code="7">0</subfield>
    <subfield code="a">CUCL</subfield>
    <subfield code="b">cl222</subfield>
    <subfield code="d">2024-02-11</subfield>
    <subfield code="o">945.08 S118</subfield>
    <subfield code="p">01000100114667000</subfield>
    <subfield code="r">2023-09-23 00:00:00</subfield>
    <subfield code="t">C.1</subfield>
    <subfield code="y">BK</subfield>
  </datafield>
</record>
